| 000 | 00572nam a2200193 a 4500 | ||
|---|---|---|---|
| 001 | 000044478 | ||
| 003 | DO-SdBNP | ||
| 005 | 20180409144853.0 | ||
| 007 | 000044478 | ||
| 008 | 140702s20uu dr a 000 0 spa d | ||
| 040 |
_aBPMET _bspa _cBPMET |
||
| 245 | 0 | 0 |
_aAprendamos a cocinar: _b¡ y alimentémonos bien ! |
| 260 |
_aSanto Domingo : _bNestle _bCENIC, _c[190-?]. |
||
| 300 |
_a32 p. : _bil. ; _c26 cm. |
||
| 710 | 2 | _aNestle (República Dominicana) | |
| 942 |
_2ddc _cBK |
||
| 945 | _aRemanejado para la BNPHU, 2018 / BT | ||
| 956 |
_aVMATEO _b10 _c20140703 _lBPMSU _h0069 |
||
| 999 |
_c7222 _d7222 |
||